000 00714nam a2200241Ia 4500
003 OSt
005 20220918221821.0
006 a|||||r|||| 00| 0
007 ta
008 220917b |||||||| |||| 00| 0 eng d
024 _a207,939
037 _cTextual
040 _aARTS
_cARTS
_beng
041 _2eng
_aeng
082 _aO15,2D20,1, 111M6
100 _aPawate Chennabasappa Ishtalingappa
_9141527
245 0 _aPanchatantra and Aesop's fables
_b a study in genere
260 _aDelhi
_bAmar Prakashan India
_c1986
300 _a122p
_ccm.
650 _aSANSKRIT LITERATURE
942 _hO15,2D20,1, 111M6
_cTEXL
_2CC
999 _c273721
_d273721